Statistics for James Bond Movies

Click here to take the quiz!

General Stats

  • This quiz has been taken 70,795 times
    (22,539 since last reset)
  • The average score is 15 of 25

Answer Stats

YearStarringMovie% Correct
2006Daniel CraigCasino Royale
88%
1964Sean ConneryGoldfinger
85%
2012Daniel CraigSkyfall
84%
1962Sean ConneryDr. No
80%
1983Roger MooreOctopussy
75%
1995Pierce BrosnanGoldenEye
71%
2015Daniel CraigSpectre
71%
2008Daniel CraigQuantum of Solace
69%
1963Sean ConneryFrom Russia with Love
67%
1979Roger MooreMoonraker
66%
2002Pierce BrosnanDie Another Day
63%
1973Roger MooreLive and Let Die
60%
1974Roger MooreThe Man with the Golden Gun
59%
1969George LazenbyOn Her Majesty's Secret Service
57%
1971Sean ConneryDiamonds Are Forever
55%
1965Sean ConneryThunderball
53%
1997Pierce BrosnanTomorrow Never Dies
52%
1967Sean ConneryYou Only Live Twice
51%
1977Roger MooreThe Spy Who Loved Me
51%
2021Daniel CraigNo Time to Die
51%
1989Timothy DaltonLicence to Kill
49%
1999Pierce BrosnanThe World Is Not Enough
45%
1985Roger MooreA View to a Kill
44%
1987Timothy DaltonThe Living Daylights
43%
1981Roger MooreFor Your Eyes Only
37%

Score Distribution

Percentile by Number Answered

Percent of People with Each Score

Your Score History

You have not taken this quiz since the last reset